书目信息 |
| 题名: |
培养学生情商的故事全集
|
|
| 作者: | 冯志远 主编 | |
| 分册: | 一生做好一件事 | |
| 出版信息: | 长春 时代文艺出版社 2010.01 |
|
| 页数: | 150页 | |
| 开本: | 21cm | |
| 丛书名: | 名家推荐学生必读丛书 | |
| 单 册: | ||
| 中图分类: | I14 | |
| 科图分类: | ||
| 主题词: | 故事--中国--现代--选集 | |
| 电子资源: | ||
| ISBN: | 978-7-5387-2505-6 | |
| 000 | 00842nam 22002651 450 | |
| 001 | 004114561 | |
| 005 | 20111224165048.46 | |
| 010 | @a978-7-5387-2505-6@dCNY29.80 | |
| 096 | @aI14@bczl | |
| 100 | @a20090409d2010 cemy0chiy50 ea | |
| 101 | 0 | @achi |
| 102 | @aCN@b220000 | |
| 105 | @aa z 000fy | |
| 200 | 1 | @a培养学生情商的故事全集@9pei yang xue sheng qing shang de gu shi quan ji@i一生做好一件事@f冯志远主编@Ffeng zhi yuan zhu bian |
| 205 | @a第2版 | |
| 210 | @a长春@c时代文艺出版社@d2010.01 | |
| 215 | @a150页@c彩图@d21cm | |
| 225 | 2 | @a名家推荐学生必读丛书 |
| 410 | 0 | @12001 @a名家推荐学生必读丛书 |
| 517 | 1 | @a一生做好一件事@Ayi sheng zuo hao yi jian shi |
| 606 | 0 | @a故事@y中国@z现代@j选集 |
| 690 | @aI14@v4 | |
| 701 | 0 | @a冯志远@Afeng zhi yuan@4主编 |
| 801 | 0 | @aCN@b110017@c20111224 |
| 905 | @aZUCC@dI14@eF5406=2@f3 | |
| 培养学生情商的故事全集.一生做好一件事/冯志远主编.-第2版.-长春:时代文艺出版社,2010.01 |
| 150页:彩图;21cm.-(名家推荐学生必读丛书) |
| ISBN 978-7-5387-2505-6:CNY29.80 |
| ● |
| 相关链接 |
|
|
|
正题名:培养学生情商的故事全集
索取号:I14/F5406=2
 
预约/预借
| 序号 | 登录号 | 条形码 | 馆藏地/架位号 | 状态 | 备注 |
| 1 | 1066967 | 210669677 | 文学库108/108文学库 2排2列5层/ [索取号:I14/F5406=2] | 在馆 | |
| 2 | 1066968 | 210669686 | 文学库108/108文学库 2排2列5层/ [索取号:I14/F5406=2] | 在馆 | |
| 3 | 1066969 | 210669695 | 文学库108/108文学库 1排10列1层/ [索取号:I14/F5406=2] | 在馆 |